Города Пермского края - Statistics

General Stats
  • This quiz has been taken 183 times
  • The average score is 17 of 25
Answer Stats
Население Город % Correct
1 026 912 Пермь
99%
135 533 Березники
93%
88 789 Соликамск
85%
62 173 Кунгур
83%
47 968 Краснокамск
78%
28 630 Кудымкар
78%
75 324 Чайковский
73%
44 780 Чусовой
73%
22 915 Губаха
70%
19 369 Оса
70%
53 057 Лысьва
68%
28 545 Добрянка
67%
14 164 Красновишерск
65%
4502 Чердынь
65%
33 092 Чернушка
62%
14 294 Очёр
60%
10 890 Горнозаводск
59%
10 502 Александровск
59%
22 077 Верещагино
58%
15 319 Кизел
58%
16 463 Нытва
56%
6489 Усолье
53%
2919 Чёрмоз
48%
8100 Гремячинск
41%
6290 Оханск
36%
No matching quizzes found
Score Distribution
Percent of People with Each Score
Percentile by Number Answered
Your Score History
You have not taken this quiz